00496nam a2200193 a 4500001001300000003000900013005001700022008004100039020001000080082001500090100001600105245002800121260005300149300000900202500003500211505002100246650001900267700001600286nice12345678IN_TiNIC20260116014743.0050524s1986 sria grp 000 0 eng  ac20000a954.6bPAN aPandit, K N aLadakh Life and Culture aSrinagerbCenter of Centrala Asian Studiesc1986 a138p aincludes index and biblioraphy2 aReference, Notes aLadakh-History1 aPandit, K N